| 000 | 00776nam a22002297a 4500 | ||
|---|---|---|---|
| 999 |
_c15902 _d15902 |
||
| 003 | AR-CdUCM | ||
| 008 | 190430b ||||| |||| 00| 0 spa d | ||
| 040 |
_aMUNICIPALIDAD PROVINCIAL DEL CUSCO _cBIBLIOTECA MUNICIPAL DEL CUSCO |
||
| 082 |
_aEP / 869.56 / _bV45 |
||
| 100 |
_aVengoa Zuñiga, Janett _935118 |
||
| 245 | _aPanchitumanta Willakuy / | ||
| 260 |
_aCusco : _bAsociación Pukllasunchis, _c1992. |
||
| 300 |
_a16 páginas ; _bilustraciones, _c20 cm. |
||
| 500 | _aTexto en Quechua. | ||
| 650 |
_aLiteratura infantil _9588 |
||
| 650 |
_aCuentos infantiles _93927 |
||
| 650 |
_aAprendizaje _92143 |
||
| 700 |
_aOróz Maxi, Claudio (ilustraciones) _935119 |
||
| 710 |
_aAsociación Pukllasunchis - Cusco. _927515 |
||
| 942 |
_2ddc _cLIBROS |
||
| 945 |
_aachl _d2019-04-30 |
||